Central Library OPAC University of Rajshahi

শা'বারীদ খানের গ্রন্থাবলী (Record no. 44970)

MARC details
000 -LEADER
fixed length control field 00805nam a22002297a 4500
001 - CONTROL NUMBER
control field 44970
003 - CONTROL NUMBER IDENTIFIER
rucl marc code BD-RjUL
005 - DATE AND TIME OF LATEST TRANSACTION
control field 20211209053938.0
008 - FIXED-LENGTH DATA ELEMENTS--GENERAL INFORMATION
fixed length control field 160721b1966 bg ||||| |||| 00| 0 ben d
020 ## - INTERNATIONAL STANDARD BOOK NUMBER
Terms of availability : Tk 5.50
035 ## - SYSTEM CONTROL NUMBER
System control number (BD-RjUL) 45088
040 ## - CATALOGING SOURCE
Original cataloging agency BD-RjUL
Language of cataloging eng
Transcribing agency BD-RjUL
041 ## - LANGUAGE CODE
Language code of text/sound track or separate title ben
082 ## - DEWEY DECIMAL CLASSIFICATION NUMBER
Edition number 23
Classification number 891.441
Author mark and year SHA 1966
245 00 - TITLE STATEMENT
Title শা'বারীদ খানের গ্রন্থাবলী
Statement of responsibility, etc. অাহমদ শরীফ
260 ## - PUBLICATION, DISTRIBUTION, ETC. (IMPRINT)
Place of publication, distribution, etc. ঢাকা :
Name of publisher, distributor, etc. বাঙ্গালা একাডেমী,
Date of publication, distribution, etc. ১৯৬৬
300 ## - PHYSICAL DESCRIPTION
Pagination [৫২], ১৯৬ পৃ. ;
Size ১৯সেমি.
650 ## - SUBJECT ADDED ENTRY--TOPICAL TERM
Topical term or geographic name as entry element বাংলা কবিতা
9 (RLIN) 137818
Topical term or geographic name as entry element Bangali poetry
9 (RLIN) 120831
700 ## - ADDED ENTRY--PERSONAL NAME
Personal name শরীফ, অাহমদ,সম্পাদনা
942 ## - ADDED ENTRY ELEMENTS (KOHA)
Source of classification or shelving scheme Dewey Decimal Classification
Koha item type Books
Holdings
Lost status Source of classification or shelving scheme Damaged status Not for loan Collection code Permanent Location Current Location Shelving location Date acquired Source of acquisition Cost, normal purchase price Total Checkouts Full call number Date last seen Copy number Koha item type
  Dewey Decimal Classification     Non-fiction Central Library, University of Rajshahi Central Library, University of Rajshahi   16/12/1966 Bangla Academy, Dhaka 5.50   B 891.441 SHA 1966 21/07/2016 C-2 Books